MARC

LEADER 00000nam a2200000 a 4500
001 vtls010282540
003 SK-MaSNL
005 20260301031814.0
007 co bg auuua
008 180809s2010 xo dal fs 000 0 slo
015 |a SNBS2013 
020 |a 9788055304113  |q (elektronická kniha) 
040 |a SNK  |b slo  |c SNK  |e AACR2 
041 0 |a slo 
043 |a e------ 
044 |a xo  |c SK 
072 7 |a 35.07  |x Organizácia a riadenie verejnej správy  |2 konspekt 
072 7 |a 005  |x Manažment. Riadenie  |2 konspekt 
072 7 |a 316.4/.7  |x Sociálne interakcie  |2 konspekt 
080 |a 35.07  |2 2001 
080 |a 353.9  |2 2001 
080 |a 316.77:81'42  |2 2001 
080 |a 342.537.3/.5  |2 2001 
080 |a 336  |2 2001 
080 |a 005.8  |2 2001 
080 |a 005.334:005.332.3  |2 2001 
080 |a (4)  |2 2001 
080 |a (0.034.44)  |2 2001 
080 |a (082)  |2 2001 
245 0 0 |a Európsky municipál  |h elektronický zdroj  |c zostavoval: Martin Dučai 
250 |a 1. vyd. 
260 |a V Košiciach  |b Technická univerzita, Inštitút celoživotného vzdelávania  |c 2010 
300 |a 1 elektronický optický disk (CD-ROM)  |b grafy, sch., tab.  |c 12 cm 
500 |a Názov z titulnej obrazovky 
504 |a Bibliogr. odkazy 
516 |a Textový dokument (zborník), súbory vo formáte pdf 
536 |a Projekt realizovaný vďaka podpore z Európskeho sociálneho fondu v rámci Operačného programu Zamestnanosť a sociálna inklúzia 
538 |a Technické požiadavky: PDF prehliadač 
610 2 7 |a Európska únia  |2 SNKKA  |9 29861 
610 2 7 |a European Union  |2 SNKKAeng  |9 274765 
650 0 7 |a územná samospráva  |2 SNKPH  |9 802 
650 0 7 |a verejná správa  |2 SNKPH  |9 1538 
650 0 7 |a komunikačné zručnosti  |2 SNKPH  |9 2691 
650 0 7 |a zákonodarstvo  |2 SNKPH  |9 1153 
650 0 7 |a financovanie  |2 SNKPH  |9 16004 
650 0 7 |a manažment verejnej správy  |2 SNKPH  |9 68628 
650 0 7 |a manažment rizika  |2 SNKPH  |9 4289 
650 0 7 |a projektový manažment  |2 SNKPH  |9 937 
650 0 7 |a Regional administration  |2 SNKPHeng  |9 266548 
650 0 7 |a Public administration  |2 SNKPHeng  |9 266247 
650 0 7 |a Communication skills  |2 SNKPHeng  |9 306573 
650 0 7 |a Legislation  |2 SNKPHeng  |9 268421 
650 0 7 |a Financing  |2 SNKPHeng  |9 324888 
650 0 7 |a Public administration management  |2 SNKPHeng  |9 276235 
650 0 7 |a Risk management  |2 SNKPHeng  |9 282385 
650 0 7 |a Project management  |2 SNKPHeng  |9 313543 
655 7 |a elektronické zdroje  |2 SNKPH  |9 90954 
655 7 |a CD-ROM  |2 SNKPH  |9 70236 
655 7 |a zborníky  |2 SNKPH  |9 70165 
655 7 |a Electronic resources  |2 SNKPHeng  |9 175546 
655 7 |a Papers of several authors  |2 SNKPHeng  |9 153738 
700 1 |a Dučai, Martin  |4 com  |9 327933 
752 |a Slovensko  |d Košice 
919 |a 978-80-553-0411-3 
958 |a NB 
999 |c 577346  |d 579276 
952 |a SNK  |b SNK  |y PREZ  |7 0  |p 17A0704498  |o snkSCDM 3893  |i snk2011/12654  |8 0  |0 0  |1 0  |4 0  |d 2011-06-01  |l 0  |r 2026-02-23 14:37:59  |w 2026-02-23